00465nam a2200145Ia 4500008004100000020001800041041000800059082001900067100009800086245003800184250000600222260006400228300000800292650001900300210716s2019 xx 000 0 und d a9789352138845 aeng a574.80285 PATD aPatil, Dnyaneshwari D; Manza, Ramesh R; Deshmukh, Prapti; Rajput, Yogesh M; Kamble, Anupriya. aEmerging areas in bioinformatics. a1 aMumbaibShroff Publications and Distributers Pvt Ltdc2019 a322 aBioinformatics